<?xml version="1.0" encoding="UTF-8"?>
<collection xmlns="http://www.loc.gov/MARC21/slim">
<record>
  <controlfield tag="001">144208</controlfield>
  <controlfield tag="005">20240827160825.0</controlfield>
  <datafield tag="037" ind1=" " ind2=" ">
    <subfield code="a">GDOC-2022-66433</subfield>
  </datafield>
  <datafield tag="970" ind1=" " ind2=" ">
    <subfield code="a">GDOC-2022-66433</subfield>
  </datafield>
  <datafield tag="041" ind1=" " ind2=" ">
    <subfield code="a">spa</subfield>
  </datafield>
  <datafield tag="041" ind1=" " ind2=" ">
    <subfield code="a">eng</subfield>
  </datafield>
  <datafield tag="540" ind1=" " ind2=" ">
    <subfield code="a">by-nc-sa</subfield>
    <subfield code="b">Creative Commons</subfield>
    <subfield code="c">3.0</subfield>
    <subfield code="u">http://creativecommons.org/licenses/by-nc-sa/3.0/</subfield>
  </datafield>
  <datafield tag="260" ind1=" " ind2=" ">
    <subfield code="a">Zaragoza</subfield>
    <subfield code="b">Universidad de Zaragoza</subfield>
    <subfield code="c">2022-2023</subfield>
  </datafield>
  <datafield tag="100" ind1=" " ind2=" ">
    <subfield code="0">(orcid)0000-0002-1805-5320</subfield>
    <subfield code="a">Ricardo Rios, Jordana</subfield>
    <subfield code="1">388097</subfield>
  </datafield>
  <datafield tag="700" ind1=" " ind2=" ">
    <subfield code="0">(orcid)0000-0003-3675-9150</subfield>
    <subfield code="a">Anselmo Javier Villellas, Malo</subfield>
    <subfield code="1">386284</subfield>
  </datafield>
  <datafield tag="830" ind1=" " ind2=" ">
    <subfield code="9">536</subfield>
  </datafield>
  <datafield tag="856" ind1="4" ind2=" ">
    <subfield code="s">11593</subfield>
    <subfield code="u">http://zaguan.unizar.es/record/144208/files/guia-66433-en.pdf</subfield>
    <subfield code="y">Guide (english)</subfield>
  </datafield>
  <datafield tag="856" ind1="4" ind2=" ">
    <subfield code="s">15106</subfield>
    <subfield code="u">http://zaguan.unizar.es/record/144208/files/guia-66433-es.pdf</subfield>
    <subfield code="y">Guía (idioma español)</subfield>
  </datafield>
  <datafield tag="521" ind1=" " ind2=" ">
    <subfield code="9">684</subfield>
    <subfield code="a">Máster Universitario en Ingeniería Mecánica</subfield>
    <subfield code="b">Master's in Mechanical Engineering</subfield>
  </datafield>
  <datafield tag="980" ind1=" " ind2=" ">
    <subfield code="a">GDOC</subfield>
    <subfield code="b">Engineering and Architecture</subfield>
    <subfield code="b">Ingeniería y Arquitectura</subfield>
    <subfield code="c">110</subfield>
  </datafield>
</record>
</collection>